| 000 | 00862nam a22002297a 4500 | ||
|---|---|---|---|
| 999 |
_c63631 _d63631 |
||
| 005 | 20240530110651.0 | ||
| 008 | 171212s2015 ua a g b 000 0 ara d | ||
| 017 |
_a1535 _bمصر. دار الكتب |
||
| 020 | _a9789773583262 | ||
| 040 |
_aEG-CaGPL _cEG-CaGPL |
||
| 082 | 0 | 4 |
_221 _a153.35\ _bز ن |
| 100 | 0 | _aزين العابدين درويش | |
| 245 | 1 | 0 |
_aنمو القدرات الابداعية فى الطفولة و المراهقة / _cتأليف زين العابدين درويش |
| 250 | _aط.1 | ||
| 260 |
_aالقاهرة : _bدار الفجر للنشر و التوزيع ، _c2015 . |
||
| 300 |
_a275 ص. ؛ _c24 سم. |
||
| 504 | _aببليوجرافية : ص 247 - 264 | ||
| 650 | 0 | 7 |
_2qrmak _aالابداع |
| 650 | 0 | 7 |
_2qrmak _aالتخيل الابداعى |
| 942 |
_2ddc _cBK |
||